| 000 | 00680nam a22002297a 4500 | ||
|---|---|---|---|
| 005 | 20170124110107.0 | ||
| 010 | _a731574 | ||
| 020 | _c00.00 | ||
| 035 | _a731574 | ||
| 037 | _bCen Lib/Ret | ||
| 040 |
_aDPL _bEN |
||
| 082 |
_a921 _bBRY |
||
| 100 |
_aBryant, Arthur _927423 |
||
| 245 |
_aSamuel Pepys : _cby Arthur Bryant _bthe man in the making / |
||
| 260 |
_aLondon _bCollins _c1947 |
||
| 270 |
_aFourteen St. James Place _bLondon |
||
| 300 |
_axii,436p. : _c21cm(Hb) _bill. |
||
| 500 | _aIncludes bibliographical reference and index | ||
| 650 |
_aStatesmen _98466 |
||
| 650 |
_aAuthors, English--Early modern _928379 |
||
| 942 |
_2ddc _cEN _h921 _mBRY |
||
| 999 |
_c130134 _d130134 |
||